Statistics for F1 Winners: Austrian Grand Prix

Click here to take the quiz!

General Stats

  • This quiz has been taken 515 times
    (181 since last reset)
  • The average score is 25 of 36

Answer Stats

SeasonTrackWinner% Correct
2023Red Bull RingMax Verstappen
99%
2021Red Bull RingMax Verstappen
99%
2019Red Bull RingMax Verstappen
99%
2016Red Bull RingLewis Hamilton
98%
2018Red Bull RingMax Verstappen
98%
2002A1-RingMichael Schumacher
96%
2003A1-RingMichael Schumacher
96%
2014Red Bull RingNico Rosberg
96%
2015Red Bull RingNico Rosberg
96%
2022Red Bull RingCharles Leclerc
94%
1984ÖsterreichringNiki Lauda
92%
2020Red Bull RingValtteri Bottas
92%
2017Red Bull RingValtteri Bottas
91%
1983ÖsterreichringAlain Prost
87%
1985ÖsterreichringAlain Prost
87%
1986ÖsterreichringAlain Prost
87%
1998A1-RingMika Häkkinen
86%
2000A1-RingMikka Häkkinen
85%
1997A1-RingJacques Villeneuve
84%
2001A1-RingDavid Coulthard
76%
1972ÖsterreichringEmerson Fittipaldi
75%
1987ÖsterreichringNigel Mansell
70%
1999A1-RingEddie Irvine
66%
1979ÖsterreichringAlan Jones
65%
1977ÖsterreichringAlan Jones
65%
1974ÖsterreichringCarlos Reutemann
47%
1978ÖsterreichringRonnie Peterson
43%
1973ÖsterreichringRonnie Peterson
43%
1970ÖsterreichringJacky Ickx
40%
1981ÖsterreichringJacques Laffite
35%
1976ÖsterreichringJohn Watson
35%
1980ÖsterreichringJean-Pierre Jabouille
23%
1964Zeltweg AirfieldLorenzo Bandini
21%
1975ÖsterreichringVittorio Brambilla
21%
1971ÖsterreichringJo Siffert
16%
1982ÖsterreichringElio de Angelis
15%

Score Distribution

Percentile by Number Answered

Percent of People with Each Score

Your Score History

You have not taken this quiz since the last reset